000 01099nam a2200349 i 4500
999 _c100
_d100
001 020686948
003 UkOxU
005 20190725154255.0
008 160526s2016 nyu j 000|1 eng d
015 _aGBB674552
_2bnb
016 7 _a017868618
_2Uk
020 _a9780062439123
_qpaperback
035 _a(Uk)017868618
040 _aStDuBDS
_beng
_erda
_cStDuBDS
_dUk
_dUkOxU
042 _aukblcatcopy
082 0 4 _aFIC JOH
_223
100 1 _aJohnson, Maureen,
_d1973-
_eauthor.
245 1 4 _aThe last little blue envelope /
_cMaureen Johnson.
250 _aRevised edition.
264 1 _aNew York :
_bHarperTeen,
_c2016.
300 _a282 pages ;
_c21 cm
336 _atext
_2rdacontent
337 _aunmediated
_2rdamedia
338 _avolume
_2rdacarrier
490 1 _a13 little blue envelopes ;
_v2
500 _a"The sequel to 13 little blue envelopes"--Front cover.
700 _aShen, Ann
_eCover artist
700 _aKlapthor, Alison
_eCover designer
800 1 _aJohnson, Maureen,
_d1973-
_t13 little blue envelopes ;
_v2.
942 _2ddc
_cFIC